Cumbrian Coast Line stations - Statistics

General Stats
  • This quiz has been taken 36 times
  • The average score is 28 of 36
Answer Stats
Answer % Correct
Barrow-in-Furness
100%
Carlisle
95%
Maryport
95%
Sellafield
95%
Whitehaven
95%
Workington
95%
Aspatria
90%
St Bees
90%
Wigton
90%
Millom
85%
Ravenglass
85%
Seascale
85%
Dalston
80%
Dalton
80%
Grange-over-Sands
80%
Ulverston
80%
Askam
75%
Bootle
75%
Corkickle
75%
Flimby
75%
Foxfield
75%
Harrington
75%
Carnforth
70%
Silecroft
70%
Arnside
65%
Cark & Cartmel
65%
Green Road
65%
Lancaster
65%
Silverdale
65%
Braystones
60%
Drigg
60%
Kents Bank
60%
Kirkby-in-Furness
60%
Nethertown
60%
Roose
60%
Parton
55%
No matching quizzes found
Score Distribution
Percent of People with Each Score
Percentile by Number Answered
Your Score History
You have not taken this quiz